Top 15 Recieving Leaders in AFC North 2020 RS - Statistics

General Stats
  • This quiz has been taken 32 times
  • The average score is 7 of 15
Answer Stats
Hint Answer % Correct
831 Juju Smith-Schuster
70%
769 Marquise Brown
70%
908 Tee Higgins
67%
840 Jarvis Landry
63%
599 Rashard Higgins
63%
923 Diontae Johnson
59%
841 Tyler Boyd
56%
523 A.J. Green
52%
701 Mark Andrews
52%
873 Chase Claypool
48%
435 Austin Hooper
22%
558 Eric Ebron
22%
355 Giovanni Bernard
22%
432 Willie Snead
19%
392 James Washington
15%
No matching quizzes found
Score Distribution
Percent of People with Each Score
Percentile by Number Answered
Your Score History
You have not taken this quiz